MLB Year in Review 1996 - Statistics

General Stats
  • This quiz has been taken 9 times
  • The average score is 17 of 25
Answer Stats
Category Answer % Correct
World Series Loser Atlanta Braves
100%
NL Cy Young (ATL) John Smoltz
100%
Wins Leader (24 ATL) John Smoltz
100%
Strike Outs Leader (276 ATL) John Smoltz
100%
Home Run Leader (52 OAK) Mark McGwire
100%
World Series Winner New York Yankees
100%
ALCS Loser Baltimore Orioles
88%
WAR Leader (9.7 SFG, SEA) Barry Bonds | Ken Griffey Jr.
88%
AL Rookie of the Year (NYY) Derek Jeter
88%
Stolen Base Leader (75 CLE) Kenny Lofton
88%
ERA Leader (1.89 FLA) Kevin Brown
88%
Doubles Leader (54 SEA) Alex Rodriguez
75%
Batting Champion (.358 SEA) Alex Rodriguez
75%
AL MVP (TEX) Juan Gonzalez
75%
RBI Leader (150 COL) Andres Galarraga
63%
Best Record (99 - 63) Cleveland Indians
63%
Worst Record (53 - 109) Detroit Tigers
63%
Hits Leader (227 NYM) Lance Johnson
63%
Triples Leader (21 NYM) Lance Johnson
63%
NLCS Loser St. Louis Cardinals
63%
NL MVP (SDP) Ken Caminiti
50%
Name 1 HOF Inductee (JB, BF, NH, EW) Jim Bunning | Bill Foster | Ned Hanlon | Earl Weaver
38%
AL Cy Young (TOR) Pat Hentgen
13%
Saves Leader (44 CIN, LAD) Jeff Brantley | Todd Worrell
0%
NL Rookie of the Year (LAD) Todd Hollandsworth
0%
No matching quizzes found
Score Distribution
Percent of People with Each Score
Percentile by Number Answered
Your Score History
You have not taken this quiz